Puzzle de générateur #1 - Statistiques

Statistiques générales
  • Ce quiz a été pris 277 fois
  • Le résultat moyen est 8 sur 21
Statistiques - réponses
word % Correct
Pointe-à-_____, la ville Pitre
77%
Manet, par exemple peintre
72%
reptile sans membres serpent
66%
ce nombre est premier sept
64%
exister, avoir une réalité être
60%
actuel; cadeau présent
56%
attrapé, saisi pris
56%
rivière rencontre la mer au Le Havre Seine
51%
chemin pédestre sentier
51%
100 mètres, aux Jeux olympiques sprint
45%
mot de 9 lettres PRÉSIDENT
38%
ville en Toscane Pise
31%
partie de l'œil retine
27%
hautement, fortement très
26%
saint patron de Paris Denis
20%
ennuyeux, sombre, monotone terne
10%
site de réseautage social Tinder
10%
entraver, faire retarder détenir
5%
être agité de petites secousses rapides trépider
3%
découvrir, percevoir dépister
0%
fanatique d'un parti séide
0%
Aucun quiz correspondant
Distribution des résultats
% des personnes avec chaque résultat
Percentile par nombre de réponses
Votre historique - résultats
Vous n’avez pas pris ce quiz